Homenaje a alfonso el sabio. /

Guardado en:
Autor Principal: Fontanella de Weinberg, Maria Beatriz
Otros Autores: Rossarolli de Brevedan, Graciela, Cvitanovic, Dinko
Formato: Libro
Publicado: Argentina : Universidad Nacional del Sur/ Consulado de España, 1984
Materias:
Etiquetas: Agregar Etiqueta
Sin Etiquetas, Sea el primero en etiquetar este registro!
LEADER 00648nam a22002055a 4500
001 CEM.cems002564
005 19000101000000.0
008 130507s1984##################000#0#####d
003 CEMS
082 0 4 |a 860.4 
100 1 |a Fontanella de Weinberg, Maria Beatriz 
245 1 0 |a Homenaje a alfonso el sabio. / 
260 |a Argentina :  |b Universidad Nacional del Sur/ Consulado de España,  |c 1984 
300 |a 59 p. 
653 |a Alfonso el sabio-ensayos 
653 |a Literatura 
653 |a Literatura española 
700 1 |a Rossarolli de Brevedan, Graciela 
700 1 |a Cvitanovic, Dinko 
859 |a CEMS  |b BIB. CEMS - 11 de abril  |h 860.4  |i F737  |p 13150.84  |t Ej.1